[Event "Hiver CEA 1 2016"]
[Site "CEA"]
[Date "2016.01.08"]
[Round "1"]
[White "Gilles Légaré"]
[Black "Andrew Sass"]
[Result "0-1"]
[WhiteElo "1049"]
[BlackElo "1381"]
[PlyCount "89"]
[EventDate "2016.02.12"]

1. e4 c5 2. d3 e6 3. Nf3 Nc6 4. c3 b5 5. Bd2 Bb7 6. Be2 Qc7 7. O-O Bd6 8. g3
Qb6 9. Be3 Nge7 10. b4 a5 11. bxc5 Bxc5 12. d4 Qc7 13. dxc5 b4 14. Qd6 Qd8 15.
Bd3 Nc8 16. Qf4 h6 17. Ne5 Nxe5 18. Qxe5 O-O 19. Qf4 d6 20. Qg4 Kh8 21. Qh5
dxc5 22. Qf3 Qxd3 23. Rd1 Qb5 24. a4 Qc6 25. Rc1 b3 26. Ra3 c4 27. Nd2 Nb6 28.
Bxb6 Qxb6 29. Nxc4 Qc5 30. Rxb3 Ba6 31. Ne3 Qc6 32. c4 f5 33. c5 fxe4 34. Qd1
Rad8 35. Qe1 Rd3 36. Rb6 Qc8 37. Qxa5 Qa8 38. Rxa6 Qe8 39. c6 Qf7 40. Rf1 Rxe3
41. Qc5 Rd3 42. c7 Rc8 43. Rb6 Rxc7 44. Rb8+ Kh7 45. Qg5 0-1

[Event "Hiver CEA 1 2016"]
[Site "CEA"]
[Date "2016.01.08"]
[Round "1"]
[White "Marc-Antoine Brunet"]
[Black "Victor Bilodeau"]
[Result "1-0"]
[WhiteElo "1106"]
[BlackElo "1545"]
[PlyCount "55"]
[EventDate "2016.02.12"]

1. e4 e5 2. Nf3 Nc6 3. Bb5 d6 4. d3 Bd7 5. Bg5 f6 6. Bd2 Nge7 7. O-O a6 8. Bxc6
Nxc6 9. Nc3 Bg4 10. Nd5 Nd4 11. Ne3 Nxf3+ 12. gxf3 Bh5 13. Nd5 c6 14. Nc3 Qd7
15. Kg2 g5 16. Na4 Qg7 17. Nb6 g4 18. f4 Rb8 19. Kh1 Qf7 20. Rg1 g3 21. Qf1
Bf3+ 22. Rg2 Bxg2+ 23. Qxg2 gxh2 24. Qxh2 Rg8 25. Rg1 Rg6 26. f5 Rh6 27. Bxh6
Bxh6 28. Qxh6 1-0

[Event "Hiver CEA 1 2016"]
[Site "CEA"]
[Date "2016.01.08"]
[Round "1"]
[White "Germain Brunet"]
[Black "Richie Zhao"]
[Result "1-0"]
[WhiteElo "1277"]
[BlackElo "1096"]
[PlyCount "101"]
[EventDate "2016.02.12"]

1. e4 d5 2. e5 Nc6 3. d4 h5 4. Nc3 Bg4 5. f3 Bf5 6. g4 hxg4 7. fxg4 Bg6 8. Bd3
Nb4 9. Nf3 Nxd3+ 10. cxd3 Bh7 11. O-O Nh6 12. g5 Ng4 13. Nh4 f6 14. Qxg4 fxe5
15. dxe5 Bxd3 16. Rxf8+ Rxf8 17. e6 Bf5 18. Qh5+ g6 19. Nxg6 Bxe6 20. Ne5+ Bf7
21. Nxf7 Rxf7 22. g6 Rg7 23. Bh6 Rg8 24. g7+ Kd7 25. Qxd5+ Kc8 26. Qxd8+ Kxd8
27. Rf1 Re8 28. Rf8 Kd7 29. g8=Q Rxf8 30. Bxf8 Rxf8 31. Qxf8 e5 32. Qf6 b5 33.
Qxe5 b4 34. Nb5 c6 35. Qd6+ Ke8 36. Nc7+ Kf7 37. Qe6+ Kf8 38. Qe8+ Kg7 39. Ne6+
Kf6 40. Qxc6 a5 41. Nd4+ Ke5 42. Qc5+ Ke4 43. Kf2 Kd3 44. Ne6 Kd2 45. Qxa5 Kc2
46. Qxb4 Kd3 47. Qd4+ Kc2 48. Ke2 Kb1 49. Kd2 Ka1 50. Kc2 Kxa2 51. Qa4# 1-0

[Event "Hiver CEA 1 2016"]
[Site "?"]
[Date "2016.01.08"]
[Round "1"]
[White "Labelle, Raymond"]
[Black "Traversy, Pierre"]
[Result "1/2-1/2"]
[WhiteElo "1335"]
[BlackElo "1194"]
[PlyCount "142"]
[EventDate "2016.??.??"]

1. e4 d6 2. d4 Bd7 3. Nf3 h6 4. Nc3 Nc6 5. Bc4 e6 6. Be3 Be7 7. e5 d5 8. Be2
Bb4 9. a3 Be7 10. b4 a6 11. Qd2 b5 12. O-O Na7 13. Rfb1 c6 14. a4 Bf8 15. a5
Ne7 16. Nd1 Nf5 17. c3 Nxe3 18. Nxe3 Be7 19. Ng4 Qc7 20. Ne1 O-O-O 21. Nd3 h5
22. Ne3 f5 23. f4 Be8 24. Nc5 Bxc5 25. dxc5 g6 26. Nc2 Qf7 27. Nd4 Bd7 28. Nf3
Qe7 29. Ng5 Rdf8 30. Rd1 Kc7 31. Qd4 Qd8 32. Rd2 Nc8 33. Rad1 Ne7 34. c4 Qc8
35. cxb5 axb5 36. Ra1 Kb7 37. a6+ Ka7 38. Qb2 Qc7 39. Qa3 Ng8 40. Qa5 Qxa5 41.
Rxa5 Nh6 42. g3 Nf7 43. Nf3 Rhg8 44. h4 Rb8 45. Nd4 Nd8 46. Nf3 Nf7 47. Nd4 Nd8
48. Rc2 Rg7 49. Bxb5 cxb5 50. c6 Nxc6 51. Nxc6+ Bxc6 52. Rxc6 Re7 53. Kf2 Rb6
54. Rc8 Rxa6 55. Rxb5 Rb6 56. Rcc5 Rxb5 57. Rxb5 Ka6 58. Ra5+ Kb6 59. Ra2 Ra7
60. Rxa7 Kxa7 61. Ke3 Kb6 62. Kd3 Kb5 63. Kc3 d4+ 64. Kxd4 Kxb4 65. Kd3 Kc5 66.
Kc3 Kd5 67. Kb4 Kc6 68. Kc4 Kb6 69. Kb4 Kc6 70. Ka4 Kc5 71. Ka5 Kc6 1/2-1/2

[Event "Hiver CEA 1 2016"]
[Site "CEA"]
[Date "2016.01.22"]
[Round "3"]
[White "Raymond Labelle"]
[Black "Léo Shi"]
[Result "1-0"]
[WhiteElo "1335"]
[BlackElo "1215"]
[PlyCount "47"]
[EventDate "2016.02.12"]

1. e4 c5 2. Nf3 Nc6 3. d4 cxd4 4. Nxd4 g6 5. Nxc6 bxc6 6. Bc4 Nf6 7. Nc3 d5 8.
exd5 cxd5 9. Nxd5 Nxd5 10. Bxd5 Rb8 11. Bxf7+ Kxf7 12. Qxd8 Bg7 13. Qd5+ Kf8
14. Qf3+ Ke8 15. O-O Bxb2 16. Bxb2 Rxb2 17. Qc3 Rf8 18. Qxb2 Ba6 19. Rfe1 e6
20. Rxe6+ Kd8 21. Qa3 Rf5 22. Qd6+ Kc8 23. Re8+ Kb7 24. Rb8# 1-0

[Event "Hiver CEA 1 2016"]
[Site "CEA"]
[Date "2016.01.22"]
[Round "3"]
[White "Zhao, Richie"]
[Black "Cayen, Jean-Philippe"]
[Result "0-1"]
[WhiteElo "1096"]
[BlackElo "1304"]
[PlyCount "78"]
[EventDate "2016.02.12"]

1. e4 b6 2. Bc4 Bb7 3. Qf3 e6 4. d4 g6 5. d5 Bg7 6. dxe6 dxe6 7. Nh3 Qf6 8. Qc3
Qxc3+ 9. bxc3 Bf6 10. O-O Bxe4 11. Na3 Bxc3 12. Rb1 a6 13. Re1 Bxe1 14. Bb2 Bb4
15. f3 Bd5 16. Bxd5 exd5 17. Bxh8 Bxa3 18. Re1+ Kd7 19. Ng5 Nc6 20. Nxf7 Nge7
21. Ne5+ Nxe5 22. Bxe5 Re8 23. Rd1 c6 24. c4 Ke6 25. Bc3 dxc4 26. Re1+ Kf7 27.
Bd4 b5 28. g4 Nd5 29. Rxe8 Kxe8 30. f4 Nxf4 31. Be3 Nd3 32. h4 Bc5 33. Bxc5
Nxc5 34. h5 c3 35. Kf2 b4 36. Ke1 a5 37. Kd1 a4 38. Kc2 Ne4 39. hxg6 hxg6 0-1

[Event "Hiver CEA 1 2016"]
[Site "CEA"]
[Date "2016.01.22"]
[Round "3"]
[White "Lamoureux, Gilbert"]
[Black "Traversy, Pierre"]
[Result "1-0"]
[WhiteElo "1243"]
[BlackElo "1194"]
[PlyCount "63"]
[EventDate "2016.02.12"]

1. e4 d6 2. d4 c6 3. c4 g6 4. Nf3 Bg7 5. Bd3 Bg4 6. h3 Bd7 7. Be3 Qc7 8. O-O e5
9. d5 c5 10. Nc3 Ne7 11. Nb5 Bxb5 12. cxb5 b6 13. Rc1 Nd7 14. b4 O-O 15. bxc5
bxc5 16. a4 Qd8 17. Rb1 Nc8 18. Ng5 h5 19. Be2 Nf6 20. f4 Nh7 21. Qd2 Nxg5 22.
fxg5 Ne7 23. g4 Qd7 24. Kh2 f6 25. gxh5 gxh5 26. Bxh5 f5 27. exf5 Nxf5 28. Bg4
Qe7 29. Rxf5 Rxf5 30. Bxf5 Rf8 31. Rd1 Qf7 32. Be6 1-0

[Event "Hiver CEA 1 2016"]
[Site "CEA"]
[Date "2016.01.29"]
[Round "4"]
[White "Jocelyn, Rioux"]
[Black "Georges, Richard"]
[Result "1-0"]
[WhiteElo "1390"]
[BlackElo "1492"]
[PlyCount "31"]
[EventDate "2016.02.12"]

1. e4 Nc6 2. Nf3 f5 3. exf5 d5 4. d4 Bxf5 5. Bb5 Nf6 6. Ne5 Qd6 7. Nxc6 bxc6 8.
Ba4 Qb4+ 9. Nc3 Ne4 10. Bxc6+ Kd8 11. Bxa8 Nxc3 12. bxc3 Qxc3+ 13. Bd2 Qxd4 14.
O-O e6 15. Bg5+ Kd7 16. Qxd4 1-0

[Event "Hiver CEA 1 2016"]
[Site "CEA"]
[Date "2016.01.29"]
[Round "4"]
[White "Sass, Andrew"]
[Black "Lamoureux, Gilbert"]
[Result "1-0"]
[WhiteElo "1381"]
[BlackElo "1243"]
[PlyCount "60"]
[EventDate "2016.02.12"]

1. d4 Nf6 2. c4 e6 3. e3 d5 4. Nf3 Nc6 5. Be2 Bd6 6. O-O O-O 7. Bd2 b6 8. a3
Ne4 9. Be1 Ba6 10. Qa4 Na5 11. Bxa5 bxa5 12. Qxa5 Qc8 13. Nc3 Rb8 14. Nb5 dxc4
15. Bxc4 Bxb5 16. Bxb5 c6 17. Bd3 Nf6 18. Qd2 Nd7 19. b4 e5 20. Qc2 exd4 21.
Nxd4 c5 22. Bxh7+ Kh8 23. Bf5 Be5 24. Bxd7 Qxd7 25. Qxc5 Rfe8 26. Rad1 Bd6 27.
Qh5+ Kg8 28. Nf5 Rb6 29. Qg4 Bxh2+ 30. Kh1 Rg6 1-0

[Event "Hiver CEA 1 2016"]
[Site "CEA"]
[Date "2016.01.29"]
[Round "4"]
[White "Cayen, Jean-Philippe"]
[Black "Labelle, Raymond"]
[Result "1/2-1/2"]
[WhiteElo "1304"]
[BlackElo "1335"]
[PlyCount "73"]
[EventDate "2016.02.12"]

1. g3 e5 2. Bg2 Nf6 3. e3 d5 4. b3 Bg4 5. Bf3 Qd7 6. Bb2 e4 7. Bxg4 Nxg4 8. d3
Qf5 9. Qe2 Nc6 10. a3 f6 11. Nd2 Bd6 12. dxe4 dxe4 13. Nc4 Be7 14. h3 Nge5 15.
Nxe5 Nxe5 16. O-O-O Rd8 17. g4 Rxd1+ 18. Kxd1 Qd7+ 19. Qd2 Qxd2+ 20. Kxd2 O-O
21. Bxe5 fxe5 22. a4 Rxf2+ 23. Kc3 Rf1 24. Kd2 Bh4 25. Ke2 Re1+ 26. Kd2 Bf2 27.
Rh2 Bxg1 28. Kxe1 Bxh2 29. Kf2 Kf7 30. Kg2 Bg1 31. Kxg1 Ke6 32. c3 Kd5 33. Kf2
c5 34. Ke2 a5 35. c4+ Ke6 36. Kf2 Kf6 37. Kg3 1/2-1/2

[Event "Hiver CEA 1 2016"]
[Site "CEA"]
[Date "2016.01.29"]
[Round "4"]
[White "Duquet, Akaiyan"]
[Black "Lamer, Alexandre"]
[Result "1-0"]
[WhiteElo "1208"]
[BlackElo "1051"]
[PlyCount "57"]
[EventDate "2016.02.12"]

1. e4 e5 2. Nf3 Nc6 3. Bb5 Bb4 4. O-O Nf6 5. Re1 O-O 6. c3 Bc5 7. d4 Bb6 8.
dxe5 d6 9. exf6 Qxf6 10. Bxc6 bxc6 11. e5 dxe5 12. Nbd2 Qd6 13. Nxe5 Qc5 14.
Nd3 Qf5 15. Nc4 Be6 16. Nxb6 cxb6 17. Re5 Qg6 18. Rg5 Qe4 19. Re5 Qh4 20. Qf3
Bd5 21. Qf4 Qd8 22. Qg4 Qf6 23. Bg5 Qg6 24. Nf4 Rae8 25. Nxg6 f6 26. Rxe8 Rxe8
27. Nf4 Bc4 28. Bxf6 Bxa2 29. Qxg7# 1-0

[Event "Hiver CEA 1 2016"]
[Site "CEA"]
[Date "2016.01.29"]
[Round "4"]
[White "Traversy, Pierre"]
[Black "Shi, Leo"]
[Result "1-0"]
[WhiteElo "1194"]
[BlackElo "1058"]
[PlyCount "73"]
[EventDate "2016.02.12"]

1. d4 d5 2. Nf3 Nc6 3. Nc3 Nf6 4. Bf4 e6 5. Nb5 Bd6 6. Nxd6+ cxd6 7. Bg5 e5 8.
dxe5 dxe5 9. e4 dxe4 10. Qxd8+ Nxd8 11. Bxf6 exf3 12. Bxe5 fxg2 13. Bxg2 f6 14.
Bc3 O-O 15. O-O-O Re8 16. Rde1 Rxe1+ 17. Rxe1 Nc6 18. Bxc6 bxc6 19. Bb4 Bf5 20.
Re7 Rd8 21. Ba5 Rd5 22. Bd2 Rd7 23. Re3 Rd6 24. Bb4 Rd8 25. Bc5 Bg4 26. Re1 Rd5
27. Bxa7 Rd7 28. Be3 Be6 29. a3 c5 30. Bxc5 Rd5 31. b4 Bd7 32. Kb2 Rd2 33. Kc3
Rd5 34. Kc4 Rd2 35. Rc1 Rxf2 36. Bxf2 Be6+ 37. Kc5 1-0

[Event "Hiver CEA 1 2016"]
[Site "CEA"]
[Date "2016.01.29"]
[Round "4"]
[White "Legare, Gilles"]
[Black "Brunet, Marc-Antoine"]
[Result "1-0"]
[WhiteElo "1049"]
[BlackElo "1106"]
[PlyCount "67"]
[EventDate "2016.02.12"]

1. e4 e5 2. Nc3 Nf6 3. a3 Nc6 4. Nf3 d6 5. Bc4 Bg4 6. d3 Nd4 7. Be3 Be7 8. Qd2
Nxf3+ 9. gxf3 Bxf3 10. Rg1 g6 11. Rg3 Bg4 12. f3 Bd7 13. h3 Ng8 14. O-O-O Bh4
15. Bg5 Bxg5 16. Rxg5 Bxh3 17. Rg3 Qh4 18. Qh2 Qf4+ 19. Kb1 Bd7 20. Nd5 O-O-O
21. Nxf4 Nf6 22. Bxf7 exf4 23. Rg2 Nh5 24. Qh4 Rdf8 25. Bb3 Rf6 26. Rg5 Ng3 27.
Ra5 Rff8 28. Rxa7 b6 29. Qg5 Kb8 30. Qe7 Kxa7 31. Qxd7 Rc8 32. Bd5 Rcd8 33. Qc6
Ne2 34. Qb7# 1-0

[Event "Hiver CEA 1 2016"]
[Site "CEA"]
[Date "2016.02.05"]
[Round "5"]
[White "Gilbert Lamoureux"]
[Black "Jean-Philippe Cayen"]
[Result "1-0"]
[WhiteElo "1243"]
[BlackElo "1304"]
[PlyCount "107"]
[EventDate "2016.02.12"]

1. e4 g6 2. d4 e6 3. Nf3 Bg7 4. Nc3 b6 5. Be2 Bb7 6. O-O d6 7. Be3 Ne7 8. Re1
Nd7 9. Qd2 O-O 10. Rad1 Nf6 11. e5 Nfd5 12. Nxd5 Bxd5 13. c4 Bb7 14. Qc3 Qc8
15. Bf4 Rd8 16. Rd2 a6 17. Red1 Rd7 18. b3 Qe8 19. Ng5 Nf5 20. Bf3 Bxf3 21.
Nxf3 Rad8 22. b4 f6 23. exf6 Bxf6 24. Bg5 Qe7 25. Bxf6 Qxf6 26. a4 c5 27. Rd3
d5 28. Ne5 cxd4 29. Nxd7 Rxd7 30. Qb3 h5 31. cxd5 Rxd5 32. Qc4 b5 33. Qc8+ Kg7
34. Qxa6 bxa4 35. Qxa4 e5 36. Qb3 Rb5 37. Qa4 Qb6 38. Rb3 e4 39. Ra1 Kh6 40.
Qa6 Qb8 41. Qc6 Qe5 42. Qc1+ Kh7 43. Ra7+ Ng7 44. Qc7 Qf6 45. Ra1 d3 46. Rd1
Qe6 47. Rbb1 Qa2 48. Qf4 Qe6 49. Re1 Re5 50. b5 Ne8 51. b6 Nd6 52. b7 Nxb7 53.
Rxb7+ Kh8 54. Qh6+ 1-0

[Event "Hiver CEA 1 2016"]
[Site "CEA"]
[Date "2016.02.05"]
[Round "5"]
[White "Jocelyn Rioux"]
[Black "Germain Brunet"]
[Result "1-0"]
[WhiteElo "1390"]
[BlackElo "1277"]
[PlyCount "101"]
[EventDate "2016.02.12"]

1. e4 e5 2. Nf3 d6 3. Bc4 Nc6 4. c3 Na5 5. Qa4+ Nc6 6. d4 Bd7 7. Qb3 Na5 8.
Bxf7+ Ke7 9. Qa3 Kxf7 10. Qxa5 Nf6 11. dxe5 dxe5 12. Nxe5+ Kg8 13. Bg5 Be7 14.
Bxf6 Be6 15. Bxe7 Qxe7 16. O-O g6 17. Nf3 h6 18. Nbd2 Rh7 19. Nd4 Bd7 20. Qd5+
Rf7 21. Qxb7 Raf8 22. f3 Qg5 23. Rad1 Bh3 24. Rf2 Bd7 25. Qd5 Qe7 26. Nc6 Bxc6
27. Qxc6 Rd8 28. Qxg6+ Kh8 29. Qxh6+ Rh7 30. Qe3 Qd6 31. f4 a6 32. Qd4+ Kg8 33.
Qxd6 Rxd6 34. e5 Re6 35. Ne4 Kg7 36. Ng5 Reh6 37. Nxh7 Kxh7 38. Rd7+ Kg6 39.
Rxc7 Kf5 40. Rf7+ Ke4 41. Rf6 Rh7 42. Rxa6 Ke3 43. Rf3+ Ke2 44. e6 Rb7 45. b3
Re7 46. f5 Re8 47. Rd6 Ra8 48. a4 Rb8 49. b4 Rc8 50. Rdd3 Rc4 51. Rfe3# 1-0

[Event "Hiver CEA 1 2016"]
[Site "CEA"]
[Date "2016.02.05"]
[Round "5"]
[White "Raymond Labelle"]
[Black "Julio Rosa"]
[Result "1-0"]
[WhiteElo "1335"]
[BlackElo "1024"]
[PlyCount "117"]
[EventDate "2016.02.12"]

1. e4 g6 2. d4 Bg7 3. Nf3 d6 4. Nc3 Nc6 5. Bc4 e6 6. Be3 Nge7 7. Bg5 h6 8. Be3
a6 9. Qd2 Bd7 10. O-O Qc8 11. a4 e5 12. d5 Nd8 13. b4 Bg4 14. Be2 f5 15. h3
Bxf3 16. Bxf3 f4 17. Bxf4 g5 18. Bh5+ Nf7 19. Be3 Qd7 20. Qe2 O-O 21. Bg4 Qe8
22. Qd1 Ng6 23. Ne2 c6 24. c4 Nf4 25. Ng3 cxd5 26. cxd5 Rc8 27. Bxc8 Qxc8 28.
Rc1 Qd7 29. Nf5 h5 30. Bxf4 exf4 31. Qxh5 Ne5 32. Qxg5 f3 33. Qxg7+ Qxg7 34.
Nxg7 Kxg7 35. Rc7+ Kh6 36. g3 b6 37. Rfc1 Nd3 38. R1c4 b5 39. axb5 axb5 40.
R4c6 Rf6 41. Rd7 Kg6 42. Rdxd6 Rxd6 43. Rxd6+ Kf7 44. Rb6 Nxb4 45. Rxb5 Nd3 46.
d6 Ke6 47. Rd5 Ne5 48. g4 Nd7 49. g5 Kf7 50. h4 Kg6 51. e5 Kf5 52. Kh2 Nxe5 53.
Rxe5+ Kxe5 54. d7 Kf5 55. d8=Q Kg4 56. Qd4+ Kh5 57. Kg3 Kg6 58. Qf6+ Kh5 59.
Qh6# 1-0

[Event "Hiver CEA 1 2016"]
[Site "CEA"]
[Date "2016.02.05"]
[Round "5"]
[White "Georges Richard"]
[Black "Gilles Légaré"]
[Result "1-0"]
[WhiteElo "1492"]
[BlackElo "1049"]
[PlyCount "71"]
[EventDate "2016.02.12"]

1. d4 Nf6 2. c4 d5 3. Nc3 e6 4. Bg5 Bb4 5. Qc2 h6 6. Bh4 c5 7. Bxf6 Qxf6 8. a3
Bxc3+ 9. bxc3 dxc4 10. Nf3 cxd4 11. e3 dxc3 12. Bxc4 Nc6 13. O-O Ne5 14. Nxe5
Qxe5 15. Rac1 b5 16. Qxc3 Qxc3 17. Bxb5+ Bd7 18. Bxd7+ Kxd7 19. Rxc3 Rac8 20.
Rd1+ Ke7 21. Rdd3 a5 22. g3 a4 23. Rxc8 Rxc8 24. Rd4 Ra8 25. f4 Ra5 26. Kf2 e5
27. fxe5 Ke6 28. Re4 g5 29. h3 Kd5 30. Kf3 h5 31. h4 Ke6 32. hxg5 Rxe5 33. Rxa4
Rf5+ 34. Rf4 Ra5 35. a4 f6 36. Rb4 1-0

[Event "Hiver CEA 1 2016"]
[Site "CEA"]
[Date "2016.02.12"]
[Round "6"]
[White "Gilbert Lamoureux"]
[Black "Raymond Labelle"]
[Result "0-1"]
[WhiteElo "1243"]
[BlackElo "1335"]
[PlyCount "58"]
[EventDate "2016.02.12"]

1. e4 e6 2. d4 d5 3. e5 c5 4. c3 cxd4 5. cxd4 Nc6 6. Nf3 Qb6 7. b3 Bb4+ 8. Bd2
Nxd4 9. Nxd4 Qxd4 10. Bb5+ Bd7 11. Bxd7+ Kxd7 12. Bxb4 Qxa1 13. O-O Qxe5 14.
Bc3 Qg5 15. f4 Qg6 16. f5 Qg5 17. fxe6+ fxe6 18. Rf7+ Ne7 19. Rxg7 Qe3+ 20. Kh1
Rag8 21. Bd4 Qe4 22. Nc3 Qf5 23. Qe2 a6 24. g4 Qf8 25. Rxe7+ Qxe7 26. Bxh8 Rxh8
27. Na4 Qb4 28. Qf3 Rf8 29. Nb6+ Kc6 0-1

[Event "Hiver CEA 1 2016"]
[Site "CEA"]
[Date "2016.02.12"]
[Round "6"]
[White "Andrew Sass"]
[Black "Jocelyn Rioux"]
[Result "1-0"]
[WhiteElo "1381"]
[BlackElo "1390"]
[PlyCount "89"]
[EventDate "2016.02.12"]

1. d4 Nf6 2. c4 e6 3. Nc3 Bb4 4. e3 Bxc3+ 5. bxc3 O-O 6. Bd3 b6 7. Qf3 d5 8.
cxd5 exd5 9. Bb5 Nbd7 10. Bc6 Rb8 11. Ne2 Bb7 12. Bxb7 Rxb7 13. c4 c6 14. cxd5
Nxd5 15. O-O N7f6 16. a3 Re8 17. Bb2 Rc7 18. Nf4 Nxf4 19. Qxf4 c5 20. Rac1 c4
21. Rfd1 Nd5 22. Qf3 c3 23. Ba1 Qd6 24. e4 c2 25. Rd2 Rc3 26. Bxc3 Qxa3 27.
Rdxc2 Nf6 28. e5 Nd7 29. Ra1 Qb3 30. Rb2 Qc4 31. Rxa7 Qe6 32. Ra8 Rxa8 33.
Qxa8+ Nf8 34. Bb4 h6 35. Bxf8 Qc4 36. Ba3+ Kh7 37. Qe4+ g6 38. Rc2 Qa4 39. Qd3
b5 40. h3 b4 41. Bb2 b3 42. Rc3 Qb4 43. Qc4 Qa5 44. Qxf7+ Kh8 45. Rc8+ 1-0

[Event "Hiver CEA 1 2016"]
[Site "CEA"]
[Date "2016.02.12"]
[Round "6"]
[White "Gilles Légaré"]
[Black "Victor Bilodeau"]
[Result "0-1"]
[WhiteElo "1049"]
[BlackElo "1545"]
[PlyCount "72"]
[EventDate "2016.02.12"]

1. e4 e5 2. Nc3 Bc5 3. a3 d6 4. d3 Nf6 5. b4 Bd4 6. Rb1 Bxc3+ 7. Bd2 Bd4 8. c3
Bb6 9. Nf3 Ng4 10. Be3 Bxe3 11. fxe3 Nxe3 12. Qa4+ Bd7 13. Qb3 Nxf1 14. Rxf1
O-O 15. Kd2 Be6 16. c4 Nc6 17. Qd1 Bg4 18. Qe1 f5 19. Qh4 Bxf3 20. Qxd8 Raxd8
21. gxf3 fxe4 22. b5 Nd4 23. dxe4 Nxf3+ 24. Kc3 Nxh2 25. Rf5 Rxf5 26. exf5 Rf8
27. Rh1 Nf3 28. Rh5 Nd4 29. a4 Rxf5 30. Rh3 Ne2+ 31. Kb4 Rf4 32. Re3 Nd4 33.
Ka5 h5 34. Rc3 h4 35. c5 dxc5 36. Rxc5 b6+ 0-1

[Event "Hiver CEA 1 2016"]
[Site "CEA"]
[Date "2016.02.12"]
[Round "6"]
[White "Germain Brunet"]
[Black "Georges Richard"]
[Result "0-1"]
[WhiteElo "1277"]
[BlackElo "1492"]
[PlyCount "64"]
[EventDate "2016.02.12"]

1. e4 Nc6 2. Nc3 Nf6 3. d4 d6 4. Nf3 e6 5. d5 exd5 6. exd5 Qe7+ 7. Be3 Ne5 8.
h3 a6 9. Ng5 h6 10. Nge4 Bf5 11. Ng3 Bg6 12. Bd3 Nxd3+ 13. cxd3 Qd7 14. O-O Be7
15. Na4 Nxd5 16. Re1 O-O 17. Ne4 f5 18. Nec3 Nxe3 19. Rxe3 b5 20. Nd5 Rae8 21.
Nac3 f4 22. Qb3 Bf7 23. Re4 c6 24. Nb6 Qc7 25. Nbd5 cxd5 26. Nxd5 Qb7 27. Rd4
Kh8 28. Qb4 Bxd5 29. Qd2 Bxg2 30. a3 Bxh3 31. f3 Qxf3 32. Qh2 Bh4 0-1